Statistics for Random Trivia Quiz by Pictures #9

Click here to take the quiz!

General Stats

  • This quiz has been taken 10 times
  • The average score is 3 of 20

Answer Stats

Answer% Correct
Darfur
75%
Aubrey Plaza
38%
Geisha
25%
Mansa Musa
25%
Zulu
25%
Carnation Revolution
13%
Henri Poincaré
13%
Mamluk
13%
Maria Callas
13%
Nuuk
13%
Sally Ride
13%
Bettino Craxi
0%
Bossa Nova
0%
Damascus
0%
Humuhumunukunukuāpuaʻa
0%
Konstantin Stanislavski
0%
Lorena Ochoa
0%
Perm
0%
Queen Rania of Jordan
0%
Zinc
0%

Score Distribution

Percentile by Number Answered

Percent of People with Each Score

Your Score History

You have not taken this quiz